Campeones de la Copa América - ¡Muerte súbita! - Estadísticas

Estadísticas generales
  • Esta prueba ha sido intentada 136 veces
  • La puntuación promedio es 7 de 8
Answers on the Grid
Answers color-coded by a green-red scale on the quiz's grid according to % correct below.
Argentina
México
Costa Rica
Perú
Estados Unidos
Panamá
Colombia
Uruguay
Ecuador
Chile
Canadá
Brasil
El Salvador
República Dominicana
Bolivia
Paraguay
 
Estadísticas de respuestas
Respuesta % Correcto
Argentina
99%
Brasil
88%
Uruguay
84%
Colombia
83%
Chile
81%
Paraguay
78%
Perú
70%
Bolivia
69%
No se encontraron pruebas coincidentes
Distribución de puntuación
Porcentaje de gente con cada puntuación
Porcentaje por número respondido
Historial de tus puntuaciones
No has intentado esta prueba.